000 00689nam a2200265Ia 4500
005 20260121165101.0
008 008 260114s9999 xx 000 0 eng d
020 _a9781137567581
037 _aEBOOK
040 _aCRL
040 _beng
040 _cCRL
041 _2eng
041 _aeng
084 _qCRL
100 _aAnna Winterbottom, Facil Tesfaye
_91047333
245 0 _aHistories of Medicine and Healing in the Indian Ocean World, Volume Two
260 _bSpringer
260 _bSpringer
260 _c2016
856 _uhttps://link.springer.com/openurl?genre=book&isbn=978-1-137-56758-1
942 _cEBOOK
999 _c1613058
_d1613058